000 00592nam a2200193Ia 4500
003 OSt
005 20250506151626.0
008 210210b1973 xxu||||| |||| 00| 0 eng d
040 _cAL
041 _aKannada
082 _a954.87K SURK
100 _aSURYANATHA KAMATH.
_970989
_dಸೂರ್ಯನಾಥ ಕಾಮತ್
245 _aKarnatakada sankshiptha itihasa ಕರ್ನಾಟಕದ ಸಂಕ್ಷಿಪ್ತ ಇತಿಹಾಸ
260 _aBengaluru.
_bIBH Prakashana.,
_c1973
300 _avi,224
690 _aKarnataka History
_970990
906 _a030857
942 _2ddc
_cDB
999 _c81927
_d81927